00466nam a2200157 a 4500008004100000020001500041050001900056100002300075245006600098246005300164260002300217300002000240350000900260700001900269700002000288120416s0000 ||||||||||||||||| || u a0889366535 aRA 644.L25 Lei aWijeyaratne, Pandu10aLeishmaniasis control strategiescedited by Pandu Wijeyaratne aa critical evaluation of IDRC-supported research aOttawabIDRCc1992 ax, 380p. : ill. a0.00 aEspinal, Carol aGoodman, Tracey